| 000 | 00609nam a2200229Ia 4500 | ||
|---|---|---|---|
| 008 | 160216s9999 xx 000 0 und d | ||
| 020 | _a971-574-087-1 | ||
| 050 | _aFIL AZ 183 | ||
| 050 | _b.P45H86 2004 c.2 | ||
| 245 | _aHumanities for college students / | ||
| 245 | _cFelicidad P. Espina… [et al] | ||
| 260 | _aQuezon City: | ||
| 260 | _bKatha Pub. Co., Inc., | ||
| 260 | _c2004 | ||
| 300 | _a180 pages : | ||
| 300 | _bill. ; | ||
| 300 | _c26 cm. | ||
| 500 | _aIncludes bibliographical references. | ||
| 650 | _aHumanities -- | ||
| 650 | _aPhilippines. | ||
| 650 | _xStudy and teaching. | ||
| 999 |
_c290917 _d290917 |
||